00566 2200217 4500001002100000005001500021035002000036007000300056008004100059020001800100082001100118084001700129100002000146245007400166250001600240260003000256300002100286650001200307650002000319990000900339INLIS00000000000022020170914095628 a0010-0917000206ta170914 0 ind  a979-3463-19-4 a297.52 a297.52 HAR m0 aHarahap,Syahrin1 aMembalik Jarum Hati :b(Revolusi Rohani) /cProf.Dr.Syarin Harahap,MA aEd.1, Cet.1 aJakarta :bPrenada,c2004 a170 hlm ;c21 cm aTasawuf aSosiologi Islam a1936